[Event "4NCL/Div4/LMAO1 vs. OXF3"]
[Site "West Bromwich ENG"]
[Date "2006.12.02"]
[Round "3.5"]
[White "Kenyon, Scott J M"]
[Black "Messam-Sparkes, Lateefah"]
[Result "0-1"]
[WhiteElo "1759"]
[BlackElo "1855"]
[PlyCount "84"]
[EventDate "2006.12.02"]
[EventType "team"]
[EventRounds "11"]
[EventCountry "ENG"]
[WhiteTeam "London Mstrs 1"]
[BlackTeam "Oxford 3"]

1. e4 c5 2. a3 d6 3. b4 cxb4 4. axb4 Nf6 5. Nc3 g6 6. Bc4 Bg7 7. Nge2 Nxe4 8.
Nxe4 Bxa1 9. c3 O-O 10. N4g3 Qc7 11. Bd3 Nc6 12. Qa4 Bxc3 13. dxc3 Ne5 14. Bb1
Bd7 15. Qc2 Qc6 16. O-O Rfc8 17. f4 Ng4 18. f5 a5 19. fxg6 hxg6 20. Rxf7 d5 21.
Nd4 Qb6 22. bxa5 Rxa5 23. Rxe7 Rxc3 24. Qxc3 Rc5 25. Rg7+ Kh8 26. Rh7+ Kxh7 27.
Bxg6+ Kxg6 28. Qd3+ Kg7 29. Nh5+ Kg8 30. Ba3 Rb5 31. g3 Rb1+ 32. Kg2 Rb2+ 33.
Kg1 Rb3 34. Qd2 Rxa3 35. Qg5+ Kf8 36. Qg7+ Ke8 37. Qg8+ Ke7 38. Qg7+ Kd8 39.
Qf8+ Kc7 40. Qxa3 Qxd4+ 41. Kg2 Qf2+ 42. Kh3 Qxh2# 0-1

[Event "4NCL/Div4/LMAO1 vs. OXF3"]
[Site "West Bromwich ENG"]
[Date "2006.12.02"]
[Round "3.6"]
[White "Henbest, Kevin B"]
[Black "Iyengar, Ilya"]
[Result "0-1"]
[WhiteElo "1800"]
[BlackElo "1815"]
[PlyCount "64"]
[EventDate "2006.12.02"]
[EventType "team"]
[EventRounds "11"]
[EventCountry "ENG"]
[WhiteTeam "Oxford 3"]
[BlackTeam "London Mstrs 1"]

1. e4 c5 2. Nf3 e6 3. d3 Nc6 4. g3 d5 5. Qe2 Nge7 6. Bg2 g6 7. O-O Bg7 8. c3
O-O 9. Be3 d4 10. Bc1 b5 11. a3 Bb7 12. Re1 e5 13. cxd4 exd4 14. Nbd2 a6 15.
Rb1 Re8 16. Qf1 Qa5 17. b3 Rab8 18. Bb2 Bh6 19. Red1 Qb6 20. g4 Bf4 21. Bc1 Qc7
22. Re1 g5 23. h3 Ng6 24. Qe2 Bc8 25. Nf1 f5 26. Bxf4 Nxf4 27. Qd2 fxg4 28.
hxg4 h6 29. Rec1 Qd6 30. N1h2 Ne5 31. Nxe5 Qxe5 32. Bf3 Rf8 0-1

[Event "4NCL/Div4/PAND vs. WEA2"]
[Site "West Bromwich ENG"]
[Date "2006.12.02"]
[Round "3.1"]
[White "Taylor, Robert M"]
[Black "Bayliss, Lyall C P"]
[Result "1-0"]
[WhiteElo "2221"]
[BlackElo "2000"]
[PlyCount "107"]
[EventDate "2006.12.02"]
[EventType "team"]
[EventRounds "11"]
[EventCountry "ENG"]
[WhiteTeam "Pandoras Box"]
[BlackTeam "W Collective 2"]

1. e4 e5 2. Nf3 Nc6 3. Nc3 Nf6 4. d4 exd4 5. Nxd4 Bb4 6. Nxc6 bxc6 7. Bd3 d5 8.
exd5 cxd5 9. O-O O-O 10. Bg5 Be7 11. Qf3 c6 12. Rae1 Re8 13. h3 Rb8 14. Nd1 Be6
15. b3 h6 16. Bf4 Bd6 17. Ne3 Rb4 18. Bxd6 Qxd6 19. c4 d4 20. Nf5 Bxf5 21. Qxf5
Rbb8 22. Qa5 Re7 23. Rxe7 Qxe7 24. Re1 Qb7 25. Qc5 Qb6 26. Qf5 Qa6 27. Re2 Qa3
28. c5 Qc1+ 29. Kh2 Re8 30. Rxe8+ Nxe8 31. Qe4 Nc7 32. Qh7+ Kf8 33. Qh8+ Ke7
34. Qxg7 Ne6 35. Qe5 Qxc5 36. Qe4 Qc1 37. Bc4 Qf4+ 38. Qxf4 Nxf4 39. Kg3 Nd5
40. Bxd5 cxd5 41. Kf3 Ke6 42. Ke2 Ke5 43. Kd3 f5 44. b4 f4 45. f3 Kf5 46. h4
Kg6 47. b5 Kh5 48. a4 Kxh4 49. a5 Kg3 50. b6 axb6 51. axb6 Kxg2 52. b7 h5 53.
b8=Q Kxf3 54. Qd8 1-0

[Event "4NCL/Div4/PAND vs. WEA2"]
[Site "West Bromwich ENG"]
[Date "2006.12.02"]
[Round "3.2"]
[White "Lunn, Matt"]
[Black "Coates, David"]
[Result "1/2-1/2"]
[WhiteElo "1865"]
[BlackElo "2055"]
[PlyCount "51"]
[EventDate "2006.12.02"]
[EventType "team"]
[EventRounds "11"]
[EventCountry "ENG"]
[WhiteTeam "W Collective 2"]
[BlackTeam "Pandoras Box"]

1. e4 c6 2. d4 d5 3. Nc3 dxe4 4. Nxe4 Nd7 5. Nf3 Ngf6 6. Ng3 e6 7. Bc4 Be7 8.
Bf4 O-O 9. O-O Nb6 10. Bb3 a5 11. a4 Nbd5 12. Be5 b5 13. c3 Ba6 14. Re1 Qb6 15.
Ne4 Nxe4 16. Rxe4 Bf6 17. Bxf6 Nxf6 18. Rh4 bxa4 19. Rxa4 Be2 20. Qxe2 Qxb3 21.
Ra3 Qb7 22. Ne5 Rfb8 23. b3 Qe7 24. Nc4 Qd8 25. Qf3 Nd5 26. Rh3 1/2-1/2

[Event "4NCL/Div4/PAND vs. WEA2"]
[Site "West Bromwich ENG"]
[Date "2006.12.02"]
[Round "3.3"]
[White "Payne, Nick"]
[Black "Galliano, Alex"]
[Result "1-0"]
[WhiteElo "2071"]
[BlackElo "1885"]
[PlyCount "45"]
[EventDate "2006.12.02"]
[EventType "team"]
[EventRounds "11"]
[EventCountry "ENG"]
[WhiteTeam "Pandoras Box"]
[BlackTeam "W Collective 2"]

1. e4 e5 2. Nf3 Nc6 3. Bc4 Bc5 4. d3 Nf6 5. Nc3 d6 6. h3 Na5 7. Bg5 Nxc4 8.
dxc4 c6 9. O-O Be6 10. Qd3 h6 11. Be3 Bxe3 12. fxe3 Qc7 13. b4 O-O 14. Nh4 a5
15. a3 axb4 16. axb4 Qb6 17. Rab1 Ra3 18. Nf5 Bxf5 19. exf5 Ne4 20. Qxe4 Rxc3
21. c5 dxc5 22. Qxe5 cxb4 23. Qxc3 1-0

[Event "4NCL/Div4/PAND vs. WEA2"]
[Site "West Bromwich ENG"]
[Date "2006.12.02"]
[Round "3.4"]
[White "Jones, William"]
[Black "Birtwhistle, Nigel"]
[Result "0-1"]
[WhiteElo "1865"]
[BlackElo "2105"]
[PlyCount "70"]
[EventDate "2006.12.02"]
[EventType "team"]
[EventRounds "11"]
[EventCountry "ENG"]
[WhiteTeam "W Collective 2"]
[BlackTeam "Pandoras Box"]

1. e4 g6 2. d4 Bg7 3. Nc3 d6 4. Nf3 a6 5. a4 b6 6. Be3 Bb7 7. Be2 Nd7 8. O-O e6
9. Bc4 Ne7 10. Ng5 h6 11. Nxe6 fxe6 12. Bxe6 Nf8 13. Bb3 Qd7 14. Qf3 O-O-O 15.
a5 b5 16. Qe2 g5 17. Rfc1 Nfg6 18. Nd5 Nxd5 19. exd5 Nf4 20. Bxf4 gxf4 21. Qd3
f3 22. h3 Rdf8 23. c4 Qf5 24. Qxf5+ Rxf5 25. cxb5 fxg2 26. bxa6 Ba8 27. Ra4
Rhf8 28. Rac4 R8f7 29. R1c2 Rf3 30. Rb4 Bxd4 31. Rxd4 Rxb3 32. Rg4 Bxd5 33.
Rg8+ Kd7 34. Rg3 Rxg3 35. fxg3 Rf1+ 0-1

[Event "4NCL/Div4/PAND vs. WEA2"]
[Site "West Bromwich ENG"]
[Date "2006.12.02"]
[Round "3.5"]
[White "McCarthy, Kevin"]
[Black "Jones, Victor"]
[Result "1/2-1/2"]
[WhiteElo "2055"]
[BlackElo "1830"]
[PlyCount "143"]
[EventDate "2006.12.02"]
[EventType "team"]
[EventRounds "11"]
[EventCountry "ENG"]
[WhiteTeam "Pandoras Box"]
[BlackTeam "W Collective 2"]

1. d4 Nf6 2. Nc3 g6 3. e4 d6 4. Be2 Bg7 5. Bg5 O-O 6. Nf3 c6 7. Qd2 Qc7 8. h4
h5 9. Nh2 e5 10. d5 Qb6 11. Bxf6 Bxf6 12. Na4 Qd4 13. Nc3 Qxd2+ 14. Kxd2 Bxh4
15. Raf1 Nd7 16. g4 Bg5+ 17. Kd1 hxg4 18. Bxg4 Nf6 19. Bf3 Bf4 20. Rfg1 Kg7 21.
Nf1 cxd5 22. exd5 Bf5 23. Ne3 Bxe3 24. fxe3 a6 25. e4 Bd7 26. Kd2 Rh8 27. Nd1
Rxh1 28. Rxh1 Bg4 29. Ke3 Bxf3 30. Kxf3 Nh5 31. Ne3 Rf8 32. c4 Nf4 33. Rg1 Kf6
34. Rh1 b5 35. b3 Nh5 36. Rh2 Ke7 37. Rb2 b4 38. a3 Rb8 39. axb4 Rxb4 40. Nc2
Rb6 41. b4 Nf4 42. Rb3 f5 43. Ra3 Nh3 44. c5 dxc5 45. bxc5 Rb5 46. c6 Ng5+ 47.
Ke3 Nxe4 48. Rxa6 Rxd5 49. Nb4 Rc5 50. Ra7+ Kd8 51. Ra8+ Kc7 52. Rg8 Rxc6 53.
Rg7+ Kb6 54. Nxc6 Kxc6 55. Rxg6+ Kd5 56. Rg8 f4+ 57. Kf3 Nf6 58. Rf8 Ke6 59.
Ra8 Kf5 60. Ra5 Nh7 61. Kg2 Ng5 62. Kf2 Ne6 63. Kf3 Nd4+ 64. Kf2 Ke4 65. Ra3 f3
66. Re3+ Kf4 67. Rd3 Ke4 68. Re3+ Kf4 69. Rd3 Kg4 70. Re3 Kf5 71. Rd3 Ke4 72.
Re3+ 1/2-1/2

[Event "4NCL/Div4/PAND vs. WEA2"]
[Site "West Bromwich ENG"]
[Date "2006.12.02"]
[Round "3.6"]
[White "Maguire, Robert"]
[Black "Kilshaw, Joe"]
[Result "0-1"]
[WhiteElo "1795"]
[BlackElo "2060"]
[PlyCount "48"]
[EventDate "2006.12.02"]
[EventType "team"]
[EventRounds "11"]
[EventCountry "ENG"]
[WhiteTeam "W Collective 2"]
[BlackTeam "Pandoras Box"]

1. e4 c5 2. Nf3 Nc6 3. d4 cxd4 4. Nxd4 Nf6 5. Nc3 e5 6. Nde2 Bb4 7. a3 Ba5 8.
Bd2 O-O 9. b4 Bb6 10. Bg5 Bxf2+ 11. Kxf2 Ng4+ 12. Ke1 Qxg5 13. Nd5 d6 14. Qd3
f5 15. Qg3 f4 16. Qf3 Nd4 17. Nxd4 exd4 18. h4 Qe5 19. Bc4 Kh8 20. Kd2 Ne3 21.
Ba2 Bg4 22. Qf2 Rac8 23. Bb3 Qxe4 24. Rhe1 Rxc2+ 0-1

[Event "4NCL/Div4/BCA vs. ADD"]
[Site "West Bromwich ENG"]
[Date "2006.12.02"]
[Round "3.1"]
[White "Mordue, A Tyson"]
[Black "Ireland, David J"]
[Result "1/2-1/2"]
[WhiteElo "2299"]
[BlackElo "1987"]
[PlyCount "85"]
[EventDate "2006.12.02"]
[EventType "team"]
[EventRounds "11"]
[EventCountry "ENG"]
[WhiteTeam "Braille C A"]
[BlackTeam "Addlestone"]

1. e4 Nf6 2. e5 Nd5 3. d4 d6 4. Nf3 dxe5 5. Nxe5 g6 6. Qf3 f6 7. Nd3 Nc6 8. c3
Bg7 9. Nf4 Nxf4 10. Bxf4 O-O 11. Bc4+ Kh8 12. d5 Ne5 13. Bxe5 fxe5 14. Qe2 b5
15. Bb3 Qd7 16. Na3 a6 17. Rd1 Bb7 18. Nc2 a5 19. a3 Ba6 20. Qe4 Rf4 21. Qe3 a4
22. Ba2 Qf5 23. Qd2 b4 24. Ne3 bxc3 25. bxc3 Qh5 26. c4 Rb8 27. O-O Rd4 28. Qa5
Rb6 29. Qxa4 Rf6 30. Qe8+ Rf8 31. Qxe7 Qe2 32. Bb3 Rdf4 33. Rde1 Qb2 34. Rb1
Qd2 35. Rbd1 Qb2 36. Rb1 Qd2 37. Rbd1 Qb2 38. Bc2 Bxc4 39. Nxc4 Qxc2 40. Ne3
Qe2 41. Rde1 Qd2 42. Rd1 Qe2 43. Rde1 1/2-1/2

[Event "4NCL/Div4/BCA vs. ADD"]
[Site "West Bromwich ENG"]
[Date "2006.12.02"]
[Round "3.2"]
[White "Fenwick, Hugh"]
[Black "Ross, Chris"]
[Result "1/2-1/2"]
[WhiteElo "2035"]
[BlackElo "2129"]
[PlyCount "59"]
[EventDate "2006.12.02"]
[EventType "team"]
[EventRounds "11"]
[EventCountry "ENG"]
[WhiteTeam "Addlestone"]
[BlackTeam "Braille C A"]

1. d4 Nf6 2. Bf4 g6 3. e3 Bg7 4. Nf3 d6 5. Be2 Nbd7 6. h3 O-O 7. O-O Qe8 8. Bh2
e5 9. c3 Nh5 10. Qb3 Kh8 11. Na3 Qe7 12. Nb5 c6 13. dxe5 dxe5 14. Qa3 Qxa3 15.
Nxa3 e4 16. Nd4 Be5 17. Nc4 Bxh2+ 18. Kxh2 Ng7 19. Nd6 f5 20. Rad1 Ne5 21. f4
exf3 22. Nxf3 Nxf3+ 23. Bxf3 Kg8 24. Nxc8 Raxc8 25. Rd7 Rf7 26. Rfd1 Rcf8 27.
Rxf7 Rxf7 28. Rd8+ Rf8 29. Rd7 Rf7 30. Rd8+ 1/2-1/2

[Event "4NCL/Div4/BCA vs. ADD"]
[Site "West Bromwich ENG"]
[Date "2006.12.02"]
[Round "3.3"]
[White "Armstrong, William G"]
[Black "Albrecht, Theo"]
[Result "1/2-1/2"]
[WhiteElo "1955"]
[BlackElo "2025"]
[PlyCount "104"]
[EventDate "2006.12.02"]
[EventType "team"]
[EventRounds "11"]
[EventCountry "ENG"]
[WhiteTeam "Braille C A"]
[BlackTeam "Addlestone"]

1. d4 d6 2. e4 Nf6 3. Nc3 Nbd7 4. Bg5 c6 5. Nf3 e5 6. Be2 Be7 7. O-O O-O 8. a3
a6 9. b4 Qc7 10. Qd2 Re8 11. dxe5 dxe5 12. Rfd1 Nf8 13. Bc4 Be6 14. Qe2 b5 15.
Bd3 c5 16. Bxf6 Bxf6 17. bxc5 Qxc5 18. Nb1 Nd7 19. Nbd2 Nb6 20. Rdc1 Qc3 21.
Qe1 Red8 22. Nf1 Na4 23. Ne3 Rac8 24. g4 g6 25. Kg2 Nb2 26. g5 Bg7 27. Qxc3
Rxc3 28. Nd1 Nxd3 29. Nxc3 Nxc1 30. Rxc1 f5 31. gxf6 Bxf6 32. Rd1 Rxd1 33. Nxd1
Kf7 34. Nb2 a5 35. Nd3 Ba2 36. Nfxe5+ Bxe5 37. Nxe5+ Ke6 38. Nc6 a4 39. Nd4+
Ke5 40. Nxb5 Bb1 41. c4 Bxe4+ 42. f3 Bc6 43. Kg3 Bxb5 44. cxb5 Kd5 45. Kf4 Kc5
46. Ke5 Kxb5 47. Kd5 g5 48. h3 Kb6 49. Kc4 Kc6 50. Kb4 Kd5 51. Kxa4 Kc4 52. Ka5
Kc5 1/2-1/2

[Event "4NCL/Div4/BCA vs. ADD"]
[Site "West Bromwich ENG"]
[Date "2006.12.02"]
[Round "3.4"]
[White "Seale, Denis"]
[Black "Wragg, Norman"]
[Result "1-0"]
[WhiteElo "1860"]
[BlackElo "1860"]
[PlyCount "177"]
[EventDate "2006.12.02"]
[EventType "team"]
[EventRounds "11"]
[EventCountry "ENG"]
[WhiteTeam "Addlestone"]
[BlackTeam "Braille C A"]

1. d4 d5 2. c4 e6 3. Nc3 Nf6 4. Nf3 Nbd7 5. Bg5 c6 6. e3 Qa5 7. Bxf6 Nxf6 8.
Bd3 Bd6 9. O-O O-O 10. c5 Be7 11. a3 Qd8 12. Qc2 h6 13. Ne5 Bd7 14. b4 b5 15.
a4 a6 16. axb5 axb5 17. Ra2 Qc7 18. Rfa1 Qb7 19. Ne2 Rfb8 20. Nc1 Be8 21. Nb3
Rxa2 22. Qxa2 Ne4 23. Bxe4 dxe4 24. Qa7 Qxa7 25. Rxa7 Bd8 26. Nd7 Rc8 27. Nb6
Rb8 28. Na8 Rc8 29. Na5 Kf8 30. Nb7 Be7 31. Na5 Bd8 32. Nb7 Be7 33. Na5 Bd8 34.
Nb6 Rb8 35. Na8 Rc8 36. Ra6 g6 37. Nb7 Be7 38. Nb6 Rb8 39. Ra7 h5 40. Na5 Bd8
41. Rb7 Rxb7 42. Nxb7 Bc7 43. Nc8 Bd7 44. Ncd6 f5 45. h3 Ke7 46. Kf1 Kf6 47.
Ke2 g5 48. Na5 Ke7 49. Ndb7 Kf6 50. Nb3 h4 51. Nd2 Be8 52. Na5 Ke7 53. Nab3 Kf6
54. f3 exf3+ 55. gxf3 Ke7 56. Kf2 Bg3+ 57. Kf1 Bd7 58. e4 Bc7 59. e5 Bd8 60.
Kg2 Ke8 61. Nc1 Be7 62. Nd3 Bf8 63. f4 Bh6 64. fxg5 Bxg5 65. Nf3 Be7 66. Nf4
Kf7 67. Kf2 Kg7 68. Ng2 Kh6 69. Ngxh4 Kh5 70. Ng2 Bd8 71. Nf4+ Kh6 72. Kg3 Be7
73. Nh4 Bd8 74. Nhg6 Bc7 75. Nf8 Bc8 76. N8xe6 Bb8 77. Kf3 Bd7 78. h4 Be8 79.
Ng2 Bd7 80. Nef4 Bc7 81. e6 Be8 82. Ne3 Bd8 83. e7 Bc7 84. Nxf5+ Kh7 85. Nd6
Bxd6 86. cxd6 Kg8 87. Ne6 Kf7 88. Nc7 Bd7 89. e8=Q+ 1-0

[Event "4NCL/Div4/BCA vs. ADD"]
[Site "West Bromwich ENG"]
[Date "2006.12.02"]
[Round "3.5"]
[White "Thacker, Steve M"]
[Black "Davda, Rahil"]
[Result "0-1"]
[WhiteElo "1775"]
[BlackElo "1855"]
[PlyCount "78"]
[EventDate "2006.12.02"]
[EventType "team"]
[EventRounds "11"]
[EventCountry "ENG"]
[WhiteTeam "Braille C A"]
[BlackTeam "Addlestone"]

1. e4 c5 2. Nf3 Nc6 3. d4 cxd4 4. Nxd4 Nf6 5. f3 e5 6. Nb5 d6 7. c4 a6 8. N5c3
Be6 9. Be3 g6 10. Nd5 Bxd5 11. cxd5 Ne7 12. Bd3 Bg7 13. Qd2 O-O 14. g4 Nd7 15.
h4 f5 16. gxf5 gxf5 17. Bh6 f4 18. Qg2 Rf7 19. Bg5 Nc5 20. Bc2 Kh8 21. Nc3 h6
22. Bxe7 Qxe7 23. O-O-O b5 24. a3 Rb8 25. b4 Nd7 26. Bb3 Rc8 27. Kb2 Nb6 28.
Qh3 Qd7 29. Qe6 Re7 30. Qxd7 Rxd7 31. Rc1 Rdc7 32. h5 Bf6 33. Ne2 Rxc1 34. Nxc1
Rg8 35. Rh3 Rg3 36. Rxg3 fxg3 37. Ne2 g2 38. Kc3 Bh4 39. Bd1 Bf2 0-1

[Event "4NCL/Div4/BCA vs. ADD"]
[Site "West Bromwich ENG"]
[Date "2006.12.02"]
[Round "3.6"]
[White "Caldwell, Mark"]
[Black "Murphy, Richard L"]
[Result "1/2-1/2"]
[WhiteElo "1840"]
[BlackElo "1745"]
[PlyCount "42"]
[EventDate "2006.12.02"]
[EventType "team"]
[EventRounds "11"]
[EventCountry "ENG"]
[WhiteTeam "Addlestone"]
[BlackTeam "Braille C A"]

1. e4 e6 2. Nf3 d5 3. e5 c5 4. d3 Nc6 5. Be2 Nge7 6. O-O Ng6 7. d4 cxd4 8. Bb5
Bd7 9. Bxc6 Bxc6 10. Qxd4 Be7 11. Nc3 O-O 12. Bf4 b6 13. Bg3 Rc8 14. Qd3 Bb7
15. Rad1 Re8 16. a3 Qd7 17. Rfe1 Rc7 18. Rd2 Rec8 19. Ne2 Qa4 20. Nc3 Qd7 21.
Ne2 Qa4 1/2-1/2

[Event "4NCL/Div4/ATH2 vs. WEA1"]
[Site "West Bromwich ENG"]
[Date "2006.12.02"]
[Round "3.1"]
[White "McLaughlin, Noel"]
[Black "Fraser, Joe P"]
[Result "1/2-1/2"]
[WhiteElo "1955"]
[BlackElo "1983"]
[PlyCount "36"]
[EventDate "2006.12.02"]
[EventType "team"]
[EventRounds "11"]
[EventCountry "ENG"]
[WhiteTeam "Athenaeum 2"]
[BlackTeam "W Collective 1"]

1. g3 d6 2. Nf3 g6 3. d4 Bg7 4. Bg2 Nf6 5. O-O O-O 6. c4 Nbd7 7. Nc3 e5 8. Rb1
Re8 9. d5 a5 10. a3 Nc5 11. Nd2 a4 12. h3 Bd7 13. Kh2 Qe7 14. e4 Nh5 15. Nb5
Bc8 16. b4 axb3 17. Nxb3 Nxb3 18. Rxb3 Nf6 1/2-1/2

[Event "4NCL/Div4/ATH2 vs. WEA1"]
[Site "West Bromwich ENG"]
[Date "2006.12.02"]
[Round "3.2"]
[White "Prescott, Adam P"]
[Black "Gilchrist, Duncan"]
[Result "1-0"]
[WhiteElo "1934"]
[BlackElo "1810"]
[PlyCount "65"]
[EventDate "2006.12.02"]
[EventType "team"]
[EventRounds "11"]
[EventCountry "ENG"]
[WhiteTeam "W Collective 1"]
[BlackTeam "Athenaeum 2"]

1. e4 c5 2. Nc3 d6 3. g3 Nf6 4. Bg2 e6 5. d3 Be7 6. f4 O-O 7. Nge2 a6 8. O-O
Qc7 9. h3 Nbd7 10. g4 Rb8 11. Ng3 b5 12. f5 d5 13. Qf3 Ne5 14. Qf2 Bd6 15. Bf4
Bb7 16. g5 Nfd7 17. exd5 b4 18. Nce4 exd5 19. Nxd6 Qxd6 20. d4 cxd4 21. Qxd4
Rfe8 22. Rad1 Qb6 23. Qxb6 Nxb6 24. f6 Rbd8 25. Nf5 gxf6 26. gxf6 Ng6 27. Bc7
Nc4 28. Bxd8 Rxd8 29. Ne7+ Kf8 30. Nxg6+ hxg6 31. Rf4 Ne3 32. Rd2 g5 33. Rxb4
1-0

[Event "4NCL/Div4/ATH2 vs. WEA1"]
[Site "West Bromwich ENG"]
[Date "2006.12.02"]
[Round "3.3"]
[White "Hussain, Adrian"]
[Black "Tucker, Andrew L"]
[Result "0-1"]
[WhiteElo "1800"]
[BlackElo "1956"]
[PlyCount "130"]
[EventDate "2006.12.02"]
[EventType "team"]
[EventRounds "11"]
[EventCountry "ENG"]
[WhiteTeam "Athenaeum 2"]
[BlackTeam "W Collective 1"]

1. Nf3 Nf6 2. g3 g6 3. Bg2 Bg7 4. O-O O-O 5. d3 d5 6. Nbd2 Nbd7 7. d4 c5 8.
dxc5 Nxc5 9. c3 Re8 10. Nb3 Nxb3 11. Qxb3 b6 12. Bf4 Bb7 13. Rad1 e6 14. e3 Ne4
15. h4 Nc5 16. Qc2 e5 17. b4 Na6 18. Bg5 f6 19. Nxe5 Rxe5 20. Bf4 Re7 21. e4
Nc7 22. exd5 Rd7 23. Rd2 Bf8 24. Rfd1 Bd6 25. Bxd6 Rxd6 26. Bf1 b5 27. Rd4 Qd7
28. Be2 Kg7 29. h5 Re8 30. hxg6 hxg6 31. Bg4 Qf7 32. Qd2 Rxd5 33. Rxd5 Qxd5 34.
Qxd5 Bxd5 35. Bd7 Re7 36. Bxb5 Nxb5 37. Rxd5 Nxc3 38. Rd2 Kf7 39. Kg2 Ke6 40.
Rc2 Rc7 41. Rb2 Rb7 42. Rc2 Nd5 43. a3 Kd6 44. Rc8 g5 45. Kf3 Rc7 46. Rxc7 Kxc7
47. Ke4 Kd6 48. Kf5 Ke7 49. Ke4 Ke6 50. Kd3 f5 51. Kd4 Kd6 52. f3 a6 53. g4
fxg4 54. fxg4 Nf6 55. a4 Nxg4 56. Ke4 Nf6+ 57. Kf3 g4+ 58. Kg3 Kd5 59. b5 axb5
60. axb5 Kc5 61. Kg2 Kxb5 62. Kg3 Kc4 63. Kg2 Kd3 64. Kg3 Ke3 65. Kg2 Ne4 0-1

[Event "4NCL/Div4/ATH2 vs. WEA1"]
[Site "West Bromwich ENG"]
[Date "2006.12.02"]
[Round "3.4"]
[White "Richardson, Joe M"]
[Black "Daggitt, Matthew"]
[Result "1-0"]
[WhiteElo "2003"]
[BlackElo "1780"]
[PlyCount "67"]
[EventDate "2006.12.02"]
[EventType "team"]
[EventRounds "11"]
[EventCountry "ENG"]
[WhiteTeam "W Collective 1"]
[BlackTeam "Athenaeum 2"]

1. e4 e6 2. d4 d5 3. e5 c5 4. c3 Nc6 5. Nf3 Qb6 6. Bd3 Bd7 7. O-O cxd4 8. cxd4
Nxd4 9. Nxd4 Qxd4 10. Nc3 Bb4 11. Nb5 Qxe5 12. Qg4 Bxb5 13. Bxb5+ Ke7 14. Qxb4+
Qd6 15. Qh4+ Nf6 16. Bf4 Qb6 17. Bd3 h6 18. Be5 g5 19. Qh3 h5 20. Qf3 Rh6 21.
Rac1 Nd7 22. Bg7 Rah8 23. Rc2 R8h7 24. Bxh7 Rxh7 25. Qa3+ Qd6 26. Qxd6+ Kxd6
27. Bc3 Nb8 28. Bb4+ Kd7 29. Bd2 Rg7 30. Rfc1 Nc6 31. b4 Nd4 32. Rc7+ Kd6 33.
Kf1 h4 34. Bc3 1-0

[Event "4NCL/Div4/ATH2 vs. WEA1"]
[Site "West Bromwich ENG"]
[Date "2006.12.02"]
[Round "3.5"]
[White "Wilson, David"]
[Black "Bucher, Grant W"]
[Result "0-1"]
[WhiteElo "1740"]
[BlackElo "1855"]
[PlyCount "74"]
[EventDate "2006.12.02"]
[EventType "team"]
[EventRounds "11"]
[EventCountry "ENG"]
[WhiteTeam "Athenaeum 2"]
[BlackTeam "W Collective 1"]

1. e4 e5 2. Bc4 Nf6 3. d3 c6 4. Bg5 Be7 5. Bxf6 Bxf6 6. Nf3 O-O 7. Nc3 d6 8. h3
Qb6 9. Bb3 Na6 10. a3 Nc5 11. O-O Nxb3 12. cxb3 Be6 13. b4 Rfd8 14. Rc1 a5 15.
Na4 Qa6 16. bxa5 Qxa5 17. Nc3 d5 18. Qe2 d4 19. Nb1 Qb5 20. Qd2 h6 21. g4 Be7
22. Qe2 h5 23. Nh2 Bg5 24. Rce1 c5 25. Nf3 Bf4 26. Nh4 hxg4 27. hxg4 c4 28. Rd1
cxd3 29. Qf3 Qd7 30. Rxd3 Bc4 31. Rfd1 Bxd3 32. Rxd3 Rdc8 33. Nd2 Qe7 34. Nf5
Qg5 35. Qh3 Bxd2 36. Qh8+ Kxh8 37. Rh3+ Kg8 0-1

[Event "4NCL/Div4/ATH2 vs. WEA1"]
[Site "West Bromwich ENG"]
[Date "2006.12.02"]
[Round "3.6"]
[White "Salimbeni, George"]
[Black "Foster, James M"]
[Result "1-0"]
[WhiteElo "1890"]
[BlackElo "1665"]
[PlyCount "105"]
[EventDate "2006.12.02"]
[EventType "team"]
[EventRounds "11"]
[EventCountry "ENG"]
[WhiteTeam "W Collective 1"]
[BlackTeam "Athenaeum 2"]

1. e4 e6 2. d3 d5 3. Nd2 c5 4. Ngf3 Nc6 5. g3 Nf6 6. Bg2 Be7 7. O-O O-O 8. Re1
Qc7 9. c3 b6 10. Nf1 d4 11. e5 Nd7 12. c4 f6 13. exf6 Nxf6 14. Ne5 Bb7 15. Nxc6
Bxc6 16. Rxe6 Bxg2 17. Kxg2 Qd7 18. Re2 Qb7+ 19. Kg1 Ng4 20. Nd2 h5 21. h3 Nf6
22. Ne4 Rae8 23. Bf4 Nxe4 24. Rxe4 h4 25. Qg4 hxg3 26. fxg3 Bf6 27. Rae1 Rxe4
28. Rxe4 Rd8 29. Be5 Bxe5 30. Rxe5 Rf8 31. Qe6+ Qf7 32. Kg2 Qxe6 33. Rxe6 Kf7
34. Re4 Kg6 35. g4 Rf7 36. Re6+ Rf6 37. Rxf6+ Kxf6 38. Kf3 Kg5 39. Kg3 Kf6 40.
h4 g6 41. Kf4 a5 42. a4 Ke6 43. Kg5 Kf7 44. h5 gxh5 45. Kxh5 Kg7 46. Kg5 Kg8
47. Kg6 Kh8 48. Kf7 Kh7 49. g5 b5 50. g6+ Kh8 51. g7+ Kh7 52. g8=Q+ Kh6 53.
Qg6# 1-0

[Event "4NCL/Div4/GUI5 vs. WWKS2"]
[Site "West Bromwich ENG"]
[Date "2006.12.02"]
[Round "3.1"]
[White "Shaw, Matthew"]
[Black "Lloyd, Alan D"]
[Result "0-1"]
[WhiteElo "1920"]
[BlackElo "2120"]
[PlyCount "60"]
[EventDate "2006.12.02"]
[EventType "team"]
[EventRounds "11"]
[EventCountry "ENG"]
[WhiteTeam "Guildford-ADC 5"]
[BlackTeam "Warks Select 2"]

1. e4 c5 2. Nf3 d6 3. d4 cxd4 4. Nxd4 Nf6 5. Nc3 Nc6 6. Bg5 Bd7 7. Qd2 Rc8 8.
Be2 Nxd4 9. Qxd4 Qa5 10. Bxf6 gxf6 11. O-O Rg8 12. f4 f5 13. Bd3 Bg7 14. Qe3
Bxc3 15. bxc3 fxe4 16. Bxe4 Rxc3 17. Qd2 Bc6 18. Bxc6+ bxc6 19. Rab1 Qc5+ 20.
Qf2 Rxg2+ 21. Kxg2 Rxc2 22. Rb8+ Kd7 23. Qxc2 Qxc2+ 24. Rf2 Qe4+ 25. Kg3 Qe3+
26. Rf3 Qg1+ 27. Kh3 f5 28. Rg3 Qf1+ 29. Rg2 e5 30. fxe5 f4 0-1

[Event "4NCL/Div4/GUI5 vs. WWKS2"]
[Site "West Bromwich ENG"]
[Date "2006.12.02"]
[Round "3.2"]
[White "Hunt, Malcolm A"]
[Black "Chapman, Timothy J"]
[Result "1-0"]
[WhiteElo "2089"]
[BlackElo "1840"]
[PlyCount "65"]
[EventDate "2006.12.02"]
[EventType "team"]
[EventRounds "11"]
[EventCountry "ENG"]
[WhiteTeam "Warks Select 2"]
[BlackTeam "Guildford-ADC 5"]

1. d4 d5 2. Bf4 Nf6 3. e3 Bf5 4. c4 e6 5. Nc3 c6 6. Qb3 Qb6 7. c5 Qxb3 8. axb3
a6 9. b4 Ne4 10. Nf3 f6 11. b5 Nxc3 12. bxc3 cxb5 13. Bxb5+ Nc6 14. Kd2 g5 15.
Bg3 g4 16. Nh4 Bg6 17. Nxg6 hxg6 18. Rhb1 e5 19. Bxc6+ bxc6 20. Rb6 Bg7 21.
Raxa6 O-O 22. Rxc6 Rfb8 23. Rcb6 Kh7 24. c6 Rxb6 25. Rxb6 Rc8 26. c4 dxc4 27.
Kc3 g5 28. Kxc4 Kg6 29. Kd5 exd4 30. exd4 Rd8+ 31. Bd6 Kf7 32. c7 Rc8 33. Rb8
1-0

[Event "4NCL/Div4/GUI5 vs. WWKS2"]
[Site "West Bromwich ENG"]
[Date "2006.12.02"]
[Round "3.3"]
[White "Gunn, Michael J"]
[Black "Cooper, David M"]
[Result "0-1"]
[WhiteElo "1800"]
[BlackElo "2075"]
[PlyCount "76"]
[EventDate "2006.12.02"]
[EventType "team"]
[EventRounds "11"]
[EventCountry "ENG"]
[WhiteTeam "Guildford-ADC 5"]
[BlackTeam "Warks Select 2"]

1. d4 d5 2. Nf3 Nf6 3. e3 Bf5 4. c4 c6 5. Nc3 e6 6. Qb3 Qb6 7. c5 Qxb3 8. axb3
Nbd7 9. b4 Be7 10. Be2 O-O 11. O-O a6 12. Bd2 h6 13. Ra2 Rae8 14. Rfa1 Bd8 15.
h3 Bc7 16. Na4 Ne4 17. Bc3 f6 18. Nh4 Bh7 19. Bh5 Re7 20. Be1 g5 21. Ng6 Bxg6
22. Bxg6 f5 23. Bh5 Rg7 24. Bd1 g4 25. hxg4 fxg4 26. g3 h5 27. Nc3 Ng5 28. Kg2
Rgf7 29. b3 e5 30. Ne2 Nf3 31. Bc3 h4 32. dxe5 hxg3 33. Nxg3 Bxe5 34. Bxe5
Ndxe5 35. Re2 Nd3 36. Bc2 Nh4+ 37. Kg1 Nxf2 38. Kf1 Ne4+ 0-1